000
00348nam a2200145Ia 4500
005
20250603145519.0
008
250603s9999 xx 000 0 und d
020
_a
1-933107-36-7
050
_a
RM 301 .P43/
245
0
_a
Pharmacology for nursing
260
_b
Assesment Technologies Institute
260
_c
2007
300
_a
504 p
942
_c
BK
999
_c
42077
_d
42077